000 00962nam a22003257a 4500
001 BR2012007292
003 BR-BrBNA
005 20230928104051.0
007 ta
008 230509b bl.||||| |||| 00| 0 por d
040 _aBR-BrBNA
_bpor
_cBiblioteca Nacional de Agricultura
041 _a(Por)
072 _aE10; E20
090 _ E10 BR2012007292
100 1 _aMera, A.C.
100 1 _aAlmeida, D.M. de
100 1 _aFerreira, E.C. do S.
110 1 _aMinistério da Agricultura, Pecuária e Abastecimento, Brasília, DF (Brasil)
245 1 _aPrograma de subvenção ao prêmio do seguro rural
_bRelatório 2011
250 1 _a1. ed.
260 3 _aBrasília, DF (Brasil):
_c2012.
300 _a152 p.
500 _a89 illus.; 30 graphs.; 105 tables
650 _aSEGURO RURAL
650 _aPOLÍTICA AGRÍCOLA
650 _aPROJETO DE DESENVOLVIMENTO
650 _aABASTECIMENTO
909 _a202309
_bLucia
_c55
_dLucia Elande
942 _cBK
999 _c77959
_d77959